| 000 | 00876nam a22002057a 4500 | ||
|---|---|---|---|
| 003 | AM-YeHGA | ||
| 040 | _aAM-YeHGA | ||
| 090 | _c431137 | ||
| 005 | 20250617155220.0 | ||
| 008 | 190327s ||||| |||| 00| 0 rus d | ||
| 041 | 0 | _arus | |
| 245 | 0 | 0 | _aЗаседание в Книжной палате 18-го февраля 1627 года по поводу исправлений Катихизиса Лаврентия Зизания / |
| 260 |
_aСанкт-Петербург : _bТип. В.С. Балашева, _c1878. |
||
| 300 |
_a[2], 8, 46 с. : _b[1] л. фронт. |
||
| 440 | 0 |
_aОбщество любителей древней письменности _v17 |
|
| 600 | 1 | 4 | _aЗизаний, Лаврентий Иванович |
| 653 | 0 | _aКнижные палаты | |
| 653 | 0 | _aСтарообрядчество - История | |
| 942 |
_2udc _cBK |
||
| 999 |
_c428616 _d428616 |
||